Intermediate financial management
Saved in:
| Main Author: | |
|---|---|
| Format: | Sách |
| Language: | Undetermined |
| Published: |
Cengage Learning
2018
|
| Subjects: | |
| Tags: |
Add Tag
No Tags, Be the first to tag this record!
|
| Institutions: | Trung tâm Thư viện - Trường Đại học Công nghiệp TP. Hồ Chí Minh |
|---|
| LEADER | 00517nam a2200157Ia 4500 | ||
|---|---|---|---|
| 001 | UIH_02669 | ||
| 008 | 231011s9999 xx 000 0 und d | ||
| 082 | |a 658.15 | ||
| 100 | |a Brigham, Eugene F | ||
| 245 | 0 | |a Intermediate financial management | |
| 245 | 0 | |c Brigham, Eugene F | |
| 260 | |b Cengage Learning | ||
| 260 | |c 2018 | ||
| 650 | |a Business enterprises; Tài chính doanh nghiệp; | ||
| 927 | |a Sách | ||
| 980 | |a Trung tâm Thư viện - Trường Đại học Công nghiệp TP. Hồ Chí Minh | ||